000
00234nam a2200097Ia 4500
008
240331s9999 xx 000 0 und d
082
_b
PRA
100
_a
Prakash, G. M. L
245
0
_a
Tamilinmuthal oviya vimarsana illakkiyam
942
_c
L
999
_c
3703
_d
3703